000 01072nam a2200277 4500
001 174478
003 ES-MaACL
005 20230906215536.0
008 100427s1937 it |||| |bspa d
080 _a82.085(035.3)"00"
100 1 _aQuintiliano, Marco Fabio.
_9131529
245 1 3 _aIl Libro decimo delle Istituzioni oratorie /
_cM. Fabio Quintiliano ; testo con prefazione e note per ...Giovanni Garino.
246 3 4 _aLibro X delle Istituzioni oratorie
246 3 0 _aIstituzioni oratorie.
_pLibro X
250 _aNva. ed. [a cura di] Sisto Colombo.
260 _aTorino :
_bSocietà Editrice Internazionale,
_c1937.
300 _a104 p. ;
_c21 p.
490 1 _aScrittori latini : commentati per le scuole ;
_v64
500 _aÍndice de nombres propios.
650 0 4 _aOratoria-
_vObras anteriores a 1800.
_915733
700 1 _aGarino, Giovanni.
_9142610
700 1 _aColombo, Sisto.
_9142611
830 0 _aScrittori latini : commentati per le scuole ;
_v64
_9223701
852 4 _a BA
_jC-57117
_z. - Autógrafo de donante
999 _c174478
_d174478